[Event "NAYCC U16 w"]
[Site "Toronto CAN"]
[Date "2013.08.16"]
[Round "4"]
[White "Wang, Joie"]
[Black "Shao, Stephanie"]
[Result "1/2-1/2"]
[WhiteElo "1819"]
[BlackElo "1871"]
[PlyCount "75"]
[GameId "2160767909292589"]
[EventDate "2013.08.14"]
[EventType "swiss"]
[EventRounds "9"]
[EventCountry "CAN"]
[SourceTitle "hb 2013"]

1. e4 e5 2. Nf3 Nf6 3. Nxe5 d6 4. Nf3 Nxe4 5. Nc3 Nxc3 6. dxc3 Be7 7. Be3 a6 8. Qd2 Nc6 9. O-O-O Bf5 10. h3 Qd7 11. Nd4 Nxd4 12. Bxd4 O-O 13. g4 Be6 14. f4 Qa4 15. a3 c5 16. Be3 Rfe8 17. f5 Bc4 18. Bxc4 Qxc4 19. Qd5 Qb5 20. Bf4 Rad8 21. g5 Qc6 22. Rhg1 Qxd5 23. Rxd5 Rd7 24. f6 Bf8 25. Rgd1 Re6 26. fxg7 Kxg7 27. Rxc5 Kg6 28. Rcd5 Kh5 29. g6+ Kxg6 30. Rg1+ Kf6 31. Bg5+ Kg7 32. Be7+ Rg6 33. Rxg6+ hxg6 34. Bxf8+ Kxf8 35. c4 Ke7 36. Kd2 Ke6 37. a4 f6 38. h4 1/2-1/2

[Event "NAYCC U16 w"]
[Site "Toronto CAN"]
[Date "2013.08.16"]
[Round "5"]
[White "D'Alonzo, Jovanna"]
[Black "Lu, Mandy"]
[Result "0-1"]
[WhiteElo "1137"]
[BlackElo "1923"]
[PlyCount "114"]
[GameId "2160767909292590"]
[EventDate "2013.08.14"]
[EventType "swiss"]
[EventRounds "9"]
[EventCountry "CAN"]
[SourceTitle "EXT 2022"]
[Source "ChessBase"]
[SourceDate "2021.10.06"]
[SourceVersion "1"]
[SourceVersionDate "2021.10.06"]
[SourceQuality "1"]

1. c4 e5 2. Nc3 Nf6 3. g3 g6 4. Bg2 Bg7 5. Nf3 Nc6 6. O-O O-O 7. d3 d6 8. Bg5 h6 9. Bxf6 Qxf6 10. Nd5 Qd8 11. Rb1 Ne7 12. Nxe7+ Qxe7 13. Qb3 e4 14. dxe4 Qxe4 15. Qd3 Bf5 16. Ne1 Qe6 17. e4 Bh3 18. f4 Bxg2 19. Nxg2 Rae8 20. Rfe1 Qf6 21. Re2 Re7 22. Rbe1 Rfe8 23. Nh4 Kh7 24. Kg2 Qe6 25. f5 Qe5 26. fxg6+ fxg6 27. Rf1 c6 28. a3 d5 29. cxd5 cxd5 30. Nxg6 dxe4 31. Nxe5 exd3 32. Rd2 Rxe5 33. Rxd3 Re2+ 34. Kh3 R2e3 35. Rd7 R8e7 36. Rxe7 Rxe7 37. b4 Kg6 38. Rf4 Be5 39. Rc4 Rc7 40. Rxc7 Bxc7 41. a4 Kg5 42. b5 Bd8 43. Kg2 Kf5 44. Kf3 Ke5 45. Ke3 Kd5 46. Kd3 Bc7 47. Kc3 Kc5 48. Kb3 Bd6 49. Kc3 Be5+ 50. Kb3 Bc7 51. Kc3 Bd6 52. Kb3 Be5 53. Ka3 Kc4 54. g4 Bxh2 55. a5 Kxb5 56. g5 hxg5 57. a6 Kxa6 0-1

[Event "NAYCC U16 w"]
[Site "Toronto CAN"]
[Date "2013.08.16"]
[Round "5"]
[White "Giblon, Rebecca"]
[Black "Fleurisca, Robesca Annase"]
[Result "1-0"]
[WhiteElo "1783"]
[BlackElo "1165"]
[PlyCount "59"]
[GameId "2160767909292591"]
[EventDate "2013.08.14"]
[EventType "swiss"]
[EventRounds "9"]
[EventCountry "CAN"]
[SourceTitle "EXT 2022"]
[Source "ChessBase"]
[SourceDate "2021.10.06"]
[SourceVersion "1"]
[SourceVersionDate "2021.10.06"]
[SourceQuality "1"]

1. e4 e5 2. Nf3 Nc6 3. d4 Nf6 4. Nc3 exd4 5. Nxd4 Bb4 6. Nxc6 bxc6 7. Bd3 d6 8. O-O Bc5 9. Kh1 h6 10. h3 O-O 11. f4 Bd4 12. Qf3 Qe7 13. Ne2 Bc5 14. b3 Bd7 15. Bb2 Rad8 16. Ng3 Be8 17. Rae1 Ng4 18. f5 Ne5 19. Qe2 d5 20. Nh5 f6 21. Bxe5 Qxe5 22. Qg4 Rf7 23. exd5 Qxd5 24. Bc4 Qd7 25. Nxf6+ Kh8 26. Nxd7 Rfxd7 27. Qg6 Bb4 28. Rxe8+ Rxe8 29. Qxe8+ Kh7 30. Qg8# 1-0

[Event "NAYCC U16 w"]
[Site "Toronto CAN"]
[Date "2013.08.16"]
[Round "5"]
[White "Sametova, Zhanna"]
[Black "Peng, Sarah"]
[Result "1-0"]
[WhiteElo "1821"]
[BlackElo "839"]
[PlyCount "77"]
[GameId "2160767909292592"]
[EventDate "2013.08.14"]
[EventType "swiss"]
[EventRounds "9"]
[EventCountry "CAN"]
[SourceTitle "EXT 2022"]
[Source "ChessBase"]
[SourceDate "2021.10.06"]
[SourceVersion "1"]
[SourceVersionDate "2021.10.06"]
[SourceQuality "1"]

1. e4 e5 2. Nf3 Nc6 3. Bb5 d6 4. O-O Bd7 5. d3 Be7 6. Be3 a6 7. Ba4 b5 8. Bb3 Nf6 9. h3 O-O 10. Re1 Nh5 11. Nxe5 Nxe5 12. Qxh5 Qc8 13. d4 Nc6 14. Nc3 Bf6 15. Nd5 Be7 16. Bg5 Bxg5 17. Qxg5 Nxd4 18. Ne7+ Kh8 19. Nxc8 Raxc8 20. Re3 Rce8 21. Rg3 Ne2+ 22. Kh2 Nxg3 23. Qxg3 Rxe4 24. f3 Re5 25. Re1 Rh5 26. Re7 Be8 27. Qf4 d5 28. g4 Rh6 29. Bxd5 Rf6 30. Qe4 Bc6 31. Bxc6 g6 32. Qe5 Kg7 33. g5 Rd8 34. Rxf7+ Kxf7 35. Qxf6+ Kg8 36. Qxd8+ Kg7 37. Qe7+ Kg8 38. Bd5+ Kh8 39. Qf8# 1-0

[Event "NAYCC U16 w"]
[Site "Toronto CAN"]
[Date "2013.08.16"]
[Round "5"]
[White "Shao, Stephanie"]
[Black "Roque Sola, Gisela"]
[Result "1/2-1/2"]
[WhiteElo "1871"]
[BlackElo "1794"]
[PlyCount "98"]
[GameId "2160767909292593"]
[EventDate "2013.08.14"]
[EventType "swiss"]
[EventRounds "9"]
[EventCountry "CAN"]
[SourceTitle "EXT 2022"]
[Source "ChessBase"]
[SourceDate "2021.10.06"]
[SourceVersion "1"]
[SourceVersionDate "2021.10.06"]
[SourceQuality "1"]

1. e4 e6 2. d4 d5 3. e5 c5 4. c3 Nc6 5. Nf3 Nge7 6. a3 cxd4 7. cxd4 Nf5 8. Be3 Nxe3 9. fxe3 Qb6 10. Qd2 Na5 11. Qc3 Bd7 12. b4 Nc6 13. Nbd2 Rc8 14. Qb3 Be7 15. Bd3 f6 16. exf6 Bxf6 17. O-O Bxd4 18. Nxd4 Nxd4 19. Qb2 Nf5 20. Bxf5 exf5 21. Qxg7 Rf8 22. Kh1 Qg6 23. Qe5+ Be6 24. Rac1 Kd7 25. Nf3 Rg8 26. Qb2 Qg7 27. Qd2 a6 28. Nd4 Rgf8 29. Rxc8 Rxc8 30. Nxf5 Rf8 31. Kg1 Qe5 32. Ng3 Rxf1+ 33. Nxf1 h5 34. Qc1 b6 35. Ng3 h4 36. Ne2 h3 37. Nd4 Qd6 38. Nxe6 Qxe6 39. gxh3 Qxh3 40. Qd2 Qf5 41. Kg2 Qg4+ 42. Kf1 Qf3+ 43. Qf2 Qd1+ 44. Kg2 Qg4+ 45. Qg3 Qe2+ 46. Kg1 Qd1+ 47. Kf2 Qc2+ 48. Kf3 Qe4+ 49. Ke2 Qc2+ 1/2-1/2

[Event "NAYCC U16 w"]
[Site "Toronto CAN"]
[Date "2013.08.16"]
[Round "5"]
[White "Xiang, Ellen"]
[Black "Virkud, Apurva"]
[Result "1/2-1/2"]
[WhiteElo "2072"]
[BlackElo "2078"]
[PlyCount "69"]
[GameId "2160767909292594"]
[EventDate "2013.08.14"]
[EventType "swiss"]
[EventRounds "9"]
[EventCountry "CAN"]
[SourceTitle "EXT 2022"]
[Source "ChessBase"]
[SourceDate "2021.10.06"]
[SourceVersion "1"]
[SourceVersionDate "2021.10.06"]
[SourceQuality "1"]

1. d4 d5 2. c4 e6 3. Nf3 Nf6 4. g3 dxc4 5. Qa4+ Nbd7 6. Qxc4 a6 7. Bg2 b5 8. Qc6 Rb8 9. O-O Bb7 10. Qc2 Be7 11. b3 O-O 12. Bb2 Rc8 13. e3 c5 14. dxc5 Bxc5 15. Qe2 Qe7 16. Nbd2 Rfd8 17. Rfd1 Nb6 18. Ne5 Bxg2 19. Kxg2 Nbd5 20. Rac1 h6 21. Ndf3 Ne4 22. Nd4 Bxd4 23. Bxd4 Qb7 24. f3 Nef6 25. Rc5 Rxc5 26. Bxc5 Rc8 27. Rc1 b4 28. Qb2 Qb5 29. Bd4 Rxc1 30. Qxc1 Qe2+ 31. Kg1 Ne7 32. Qc7 Qe1+ 33. Kg2 Qe2+ 34. Kg1 Qe1+ 35. Kg2 1/2-1/2

[Event "NAYCC U16 w"]
[Site "Toronto CAN"]
[Date "2013.08.16"]
[Round "5"]
[White "Zhang, Manxuan (Rebecca)"]
[Black "Wang, Joie"]
[Result "1/2-1/2"]
[WhiteElo "1147"]
[BlackElo "1819"]
[PlyCount "76"]
[GameId "2160767909292595"]
[EventDate "2013.08.14"]
[EventType "swiss"]
[EventRounds "9"]
[EventCountry "CAN"]

1. e4 c5 2. Nc3 Nc6 3. f4 g6 4. Nf3 Bg7 5. Bc4 e6 6. e5 Nge7 7. O-O O-O 8. Qe1 a6 9. a4 Nb4 10. Qd1 d5 11. exd6 Nf5 12. d3 Nxd6 13. Bb3 b6 14. Ne2 Nf5 15. Rb1 Bb7 16. Bd2 Nd5 17. Qe1 Nfe3 18. Rf2 Ng4 19. Rf1 Nde3 20. Bxe3 Nxe3 21. Rf2 Qc7 22. Qd2 Nd5 23. c3 Rad8 24. Ng5 h6 25. Ne4 Nf6 26. Nxf6+ Bxf6 27. Qe3 Bh4 28. Rff1 Qc6 29. Rf3 h5 30. Bc2 c4 31. d4 Qc7 32. Rh3 Qe7 33. f5 exf5 34. Qxe7 Bxe7 35. Re1 Bg5 36. Bxf5 Bd2 37. Rd1 Bxc3 38. bxc3 gxf5 1/2-1/2

[Event "NAYCC U16 w"]
[Site "Toronto CAN"]
[Date "2013.08.17"]
[Round "6"]
[White "Fleurisca, Robesca Annase"]
[Black "Xiang, Ellen"]
[Result "0-1"]
[WhiteElo "1165"]
[BlackElo "2072"]
[PlyCount "56"]
[GameId "2160767909292596"]
[EventDate "2013.08.14"]
[EventType "swiss"]
[EventRounds "9"]
[EventCountry "CAN"]
[SourceTitle "EXT 2022"]
[Source "ChessBase"]
[SourceDate "2021.10.06"]
[SourceVersion "1"]
[SourceVersionDate "2021.10.06"]
[SourceQuality "1"]

1. e4 c5 2. Bc4 g6 3. Nf3 Nc6 4. Nc3 Bg7 5. Ng5 e6 6. d3 Nge7 7. Qf3 f6 8. Nh3 Nd4 9. Qd1 d5 10. exd5 exd5 11. Bb5+ Nxb5 12. Nxb5 Qa5+ 13. Nc3 d4 14. b4 Qxb4 15. a3 Qa5 16. Qe2 Qxc3+ 17. Kd1 Qxa1 18. Re1 O-O 19. Qxe7 Bxh3 20. gxh3 Rfe8 21. Qxb7 Rxe1+ 22. Kxe1 Qxc1+ 23. Ke2 Re8+ 24. Kf3 Qh1+ 25. Kg3 Qxb7 26. f3 Re3 27. Kh4 g5+ 28. Kh5 Qxf3# 0-1

[Event "NAYCC U16 w"]
[Site "Toronto CAN"]
[Date "2013.08.17"]
[Round "6"]
[White "Lu, Mandy"]
[Black "Shao, Stephanie"]
[Result "1/2-1/2"]
[WhiteElo "1923"]
[BlackElo "1871"]
[PlyCount "134"]
[GameId "2160767909292597"]
[EventDate "2013.08.14"]
[EventType "swiss"]
[EventRounds "9"]
[EventCountry "CAN"]
[SourceTitle "EXT 2022"]
[Source "ChessBase"]
[SourceDate "2021.10.06"]
[SourceVersion "1"]
[SourceVersionDate "2021.10.06"]
[SourceQuality "1"]

1. d4 d5 2. c4 e6 3. Nf3 Nf6 4. g3 c6 5. Qc2 Nbd7 6. Bg2 Be7 7. O-O O-O 8. Nbd2 b5 9. c5 Qc7 10. e4 dxe4 11. Nxe4 Nd5 12. Neg5 N7f6 13. Ne5 h6 14. Ngf3 Bb7 15. a3 Rad8 16. b4 Rfe8 17. Be3 Bf8 18. Rad1 Ra8 19. Ra1 a5 20. Bd2 axb4 21. axb4 Red8 22. Rfe1 Re8 23. Qb2 Ra6 24. Rxa6 Bxa6 25. Ra1 Ra8 26. Ne1 Qc8 27. N1d3 Be7 28. Qc1 Bf8 29. h3 Qe8 30. Qd1 Qc8 31. g4 Ne8 32. Bxd5 exd5 33. Qf3 f6 34. Ng6 Bb7 35. Re1 Nc7 36. Bxh6 Qd7 37. Be3 Ne6 38. Qf5 Bc8 39. Nxf8 Nxf8 40. Qxd7 Bxd7 41. Kf1 Ne6 42. Rd1 Be8 43. f4 Ra3 44. f5 Nc7 45. Ke2 Na6 46. Rd2 g6 47. fxg6 Kg7 48. Rb2 Ra4 49. Bd2 Kxg6 50. Nf4+ Kf7 51. Rb3 Bd7 52. Kf3 Nc7 53. Be3 Ne6 54. Nd3 Kg6 55. h4 Kf7 56. g5 Be8 57. Kg4 Ra1 58. gxf6 Kxf6 59. Ne5 Re1 60. h5 Nxd4 61. Bxd4 Re4+ 62. Kh3 Rxd4 63. h6 Kxe5 64. h7 Bd7+ 65. Kg3 Rg4+ 66. Kf3 Rh4 67. Re3+ Kf6 1/2-1/2

[Event "NAYCC U16 w"]
[Site "Toronto CAN"]
[Date "2013.08.17"]
[Round "6"]
[White "Peng, Sarah"]
[Black "Giblon, Rebecca"]
[Result "0-1"]
[WhiteElo "839"]
[BlackElo "1783"]
[PlyCount "106"]
[GameId "2160767909292598"]
[EventDate "2013.08.14"]
[EventType "swiss"]
[EventRounds "9"]
[EventCountry "CAN"]
[SourceTitle "EXT 2022"]
[Source "ChessBase"]
[SourceDate "2021.10.06"]
[SourceVersion "1"]
[SourceVersionDate "2021.10.06"]
[SourceQuality "1"]

1. e4 e5 2. Nf3 Nc6 3. Bb5 a6 4. Bxc6 dxc6 5. Nxe5 Qd4 6. Nf3 Qxe4+ 7. Kf1 Bf5 8. d3 Qb4 9. a3 Qd6 10. Nc3 O-O-O 11. Bg5 Nf6 12. Qe2 Re8 13. Qd2 Nd5 14. Nxd5 cxd5 15. Bf4 Qb6 16. Re1 Bc5 17. b4 Bd6 18. Be3 Qc6 19. Nd4 Qd7 20. Qc3 Bg4 21. h3 Bh5 22. Nb3 Be5 23. Bd4 Bxd4 24. Rxe8+ Rxe8 25. Qxd4 Qe6 26. Kg1 Qe1+ 27. Kh2 Qe5+ 28. Qxe5 Rxe5 29. g4 Bg6 30. Kg3 f6 31. Nd4 Kd7 32. Rb1 b6 33. Rb3 Kd6 34. Nf3 Re7 35. c4 Bf7 36. Rc3 c5 37. Nh4 g6 38. Kf3 d4 39. Rc2 Re1 40. Ra2 b5 41. Ng2 Rh1 42. a4 Rxh3+ 43. Ke2 bxc4 44. Rd2 cxd3+ 45. Rxd3 Bc4 46. b5 Rxd3 47. bxa6 Rg3+ 48. Kd2 Rxg2 49. a7 Bd5 50. Ke2 Rxg4 51. f3 Rg2+ 52. Kd3 Ke5 53. a5 c4# 0-1

[Event "NAYCC U16 w"]
[Site "Toronto CAN"]
[Date "2013.08.17"]
[Round "6"]
[White "Roque Sola, Gisela"]
[Black "Sametova, Zhanna"]
[Result "1-0"]
[WhiteElo "1794"]
[BlackElo "1821"]
[PlyCount "135"]
[GameId "2160767909292599"]
[EventDate "2013.08.14"]
[EventType "swiss"]
[EventRounds "9"]
[EventCountry "CAN"]
[SourceTitle "EXT 2022"]
[Source "ChessBase"]
[SourceDate "2021.10.06"]
[SourceVersion "1"]
[SourceVersionDate "2021.10.06"]
[SourceQuality "1"]

1. c4 c5 2. Nc3 Nf6 3. Nf3 g6 4. g3 Bg7 5. Bg2 d6 6. d3 Nc6 7. Rb1 Be6 8. O-O Rb8 9. a3 d5 10. Ng5 O-O 11. Nxe6 fxe6 12. Bh3 Qd6 13. Nb5 Qd7 14. cxd5 Nxd5 15. e4 Nf6 16. Qb3 Kh8 17. Bxe6 Na5 18. Bxd7 Nxb3 19. Be6 Nxc1 20. Rbxc1 Rfd8 21. Rfd1 a6 22. Nc3 Rd6 23. Bh3 e5 24. Na4 b6 25. b4 cxb4 26. axb4 Rd4 27. Rb1 Bf8 28. Nc3 Bxb4 29. Ne2 Bc5 30. Nxd4 Bxd4 31. Rdc1 Rf8 32. Rc4 Bc5 33. Ra1 Ne8 34. Rxc5 bxc5 35. Rxa6 Nc7 36. Rc6 Nb5 37. Rxc5 Nd4 38. Kg2 Nf3 39. Rd5 h5 40. Bd7 g5 41. Ba4 h4 42. Bd1 hxg3 43. hxg3 g4 44. Bxf3 gxf3+ 45. Kh3 Re8 46. Kg4 Kg7 47. Kxf3 Kf6 48. Ke3 Ke6 49. f4 exf4+ 50. gxf4 Rh8 51. f5+ Kf6 52. Rd6+ Ke7 53. Re6+ Kd7 54. d4 Rh4 55. e5 Rg4 56. Rd6+ Ke7 57. f6+ Kf7 58. Kd3 Rf4 59. Kc4 Re4 60. Kd5 Re1 61. Rd7+ Ke8 62. Ke6 Rf1 63. f7+ Kf8 64. Rd8+ Kg7 65. Rg8+ Kh7 66. f8=Q Rg1 67. Rh8+ Kg6 68. Qg8# 1-0

[Event "NAYCC U16 w"]
[Site "Toronto CAN"]
[Date "2013.08.17"]
[Round "6"]
[White "Virkud, Apurva"]
[Black "Wang, Joie"]
[Result "1/2-1/2"]
[WhiteElo "2078"]
[BlackElo "1819"]
[PlyCount "91"]
[GameId "2160767909292600"]
[EventDate "2013.08.14"]
[EventType "swiss"]
[EventRounds "9"]
[EventCountry "CAN"]
[SourceTitle "EXT 2022"]
[Source "ChessBase"]
[SourceDate "2021.10.06"]
[SourceVersion "1"]
[SourceVersionDate "2021.10.06"]
[SourceQuality "1"]

1. d4 d5 2. c4 c6 3. e3 Bf5 4. Nc3 Nf6 5. Nf3 e6 6. Nh4 Bg6 7. Nxg6 hxg6 8. g3 dxc4 9. Bxc4 Bb4 10. Bd2 O-O 11. O-O Nbd7 12. a3 Bxc3 13. Bxc3 Nd5 14. e4 Nxc3 15. bxc3 c5 16. Qe2 cxd4 17. cxd4 Rc8 18. Rfd1 Nb6 19. Bb3 Qd6 20. d5 exd5 21. Bxd5 Nxd5 22. exd5 Rfd8 23. Rd3 Rc5 24. Rad1 Ra5 25. Qb2 b6 26. Qb3 Rd7 27. Qc3 Rc7 28. Qb4 Rcc5 29. Re1 g5 30. Re8+ Kh7 31. Qe4+ g6 32. Qd4 f6 33. Re6 Qxd5 34. Re7+ Kh6 35. Qxd5 Rxd5 36. Rxd5 Rxd5 37. Rxa7 g4 38. Ra6 Rb5 39. Kg2 Kg5 40. a4 Rb2 41. a5 bxa5 42. Rxa5+ f5 43. Ra6 Rc2 44. Rb6 Ra2 45. Rc6 Rb2 46. Ra6 1/2-1/2

[Event "NAYCC U16 w"]
[Site "Toronto CAN"]
[Date "2013.08.17"]
[Round "6"]
[White "Zhang, Manxuan (Rebecca)"]
[Black "D'Alonzo, Jovanna"]
[Result "1/2-1/2"]
[WhiteElo "1147"]
[BlackElo "1137"]
[PlyCount "81"]
[GameId "2160767909292601"]
[EventDate "2013.08.14"]
[EventType "swiss"]
[EventRounds "9"]
[EventCountry "CAN"]

1. e4 c5 2. Nc3 d6 3. f4 a6 4. Nf3 Nc6 5. a4 Bg4 6. Be2 Nf6 7. O-O g6 8. d3 Qb6 9. Nh4 Bxe2 10. Nxe2 Bg7 11. f5 Nd7 12. c3 Nde5 13. Nf4 e6 14. fxe6 fxe6 15. Nxe6 Rg8 16. Nxg7+ Rxg7 17. Kh1 O-O-O 18. Nf3 Rf7 19. Nxe5 Rxf1+ 20. Qxf1 Nxe5 21. Qe2 Rf8 22. Be3 h5 23. b4 Ng4 24. h3 Nxe3 25. Qxe3 Qc7 26. Rc1 b6 27. b5 axb5 28. axb5 Qa7 29. Qd2 Kd7 30. d4 Rf7 31. dxc5 bxc5 32. c4 Kc7 33. Qd5 Rf6 34. Qc6+ Kd8 35. Qa6 Qxa6 36. bxa6 Kc7 37. Ra1 Rf8 38. g4 hxg4 39. hxg4 Ra8 40. a7 Kb7 41. Rd1 1/2-1/2

[Event "NAYCC U16 w"]
[Site "Toronto CAN"]
[Date "2013.08.17"]
[Round "7"]
[White "Giblon, Rebecca"]
[Black "Virkud, Apurva"]
[Result "1-0"]
[WhiteElo "1783"]
[BlackElo "2078"]
[PlyCount "71"]
[GameId "2160767909292602"]
[EventDate "2013.08.14"]
[EventType "swiss"]
[EventRounds "9"]
[EventCountry "CAN"]
[SourceTitle "hb 2013"]

1. e4 c5 2. Nf3 d6 3. d4 cxd4 4. Nxd4 Nf6 5. Nc3 e6 6. Bg5 a6 7. f4 Nbd7 8. Qf3 Qc7 9. O-O-O Rb8 10. Bd3 b5 11. Rhe1 Bb7 12. Nd5 Qc5 13. Nb3 Qc8 14. Nd4 Qc5 15. Nb3 Qc8 16. Nd4 Be7 17. Nxe7 Kxe7 18. Qe3 Kf8 19. e5 Nd5 20. Qh3 Nc5 21. exd6 Nb4 22. Bxh7 Be4 23. Rxe4 Nxa2+ 24. Kb1 Nxe4 25. Nxe6+ Qxe6 26. Qxe6 fxe6 27. Bxe4 Nb4 28. d7 Kf7 29. d8=Q Rbxd8 30. Bxd8 Rxh2 31. Bc7 Rh4 32. c3 Nd5 33. Bxd5 exd5 34. Rxd5 Rg4 35. Rd2 g6 36. Ka2 1-0

[Event "NAYCC U16 w"]
[Site "Toronto CAN"]
[Date "2013.08.17"]
[Round "7"]
[White "Peng, Sarah"]
[Black "Zhang, Manxuan (Rebecca)"]
[Result "1-0"]
[WhiteElo "839"]
[BlackElo "1147"]
[PlyCount "37"]
[GameId "2160767909292603"]
[EventDate "2013.08.14"]
[EventType "swiss"]
[EventRounds "9"]
[EventCountry "CAN"]
[SourceTitle "hb 2013"]

1. e4 c5 2. Nf3 Nc6 3. Bc4 e6 4. Nc3 Nge7 5. d3 d5 6. exd5 Nxd5 7. Bxd5 exd5 8. Qe2+ Be7 9. Bg5 O-O 10. Bxe7 Nxe7 11. O-O Bg4 12. h3 Bh5 13. Na4 b6 14. Qe3 Re8 15. Qf4 Qd7 16. Nc3 d4 17. Ne4 Nd5 18. Qg3 Nb4 19. Nf6+ 1-0

[Event "NAYCC U16 w"]
[Site "Toronto CAN"]
[Date "2013.08.17"]
[Round "7"]
[White "Sametova, Zhanna"]
[Black "Fleurisca, Robesca Annase"]
[Result "1-0"]
[WhiteElo "1821"]
[BlackElo "1154"]
[PlyCount "91"]
[GameId "2160767909292604"]
[EventDate "2013.08.14"]
[EventType "swiss"]
[EventRounds "9"]
[EventCountry "CAN"]
[SourceTitle "EXT 2022"]
[Source "ChessBase"]
[SourceDate "2021.10.06"]
[SourceVersion "1"]
[SourceVersionDate "2021.10.06"]
[SourceQuality "1"]

1. e4 e5 2. Nf3 Nc6 3. Bb5 Nf6 4. O-O Bc5 5. Bxc6 bxc6 6. Nxe5 d6 7. Nf3 Nxe4 8. d4 Bb6 9. Re1 d5 10. Nc3 O-O 11. Nxe4 dxe4 12. Rxe4 h6 13. b3 Bg4 14. Rxg4 Qd7 15. Ne5 Qd6 16. Bb2 Rae8 17. Qd3 Qe6 18. Qg3 g6 19. h4 Kh7 20. Re1 Qf5 21. Rge4 f6 22. Qxg6+ Qxg6 23. Nxg6 Kxg6 24. Rxe8 Rf7 25. R1e7 c5 26. Rg8+ Kh7 27. Rxf7+ Kxg8 28. Rxf6 cxd4 29. Rxb6 cxb6 30. Bxd4 Kf7 31. Kf1 Kg6 32. Ke2 Kh5 33. g3 Kg4 34. c4 Kf5 35. c5 bxc5 36. Bxc5 a5 37. b4 axb4 38. Bxb4 h5 39. a4 Ke5 40. g4 hxg4 41. h5 Kf5 42. a5 Kg5 43. a6 Kxh5 44. a7 Kh4 45. a8=Q Kh3 46. Qh1# 1-0

[Event "NAYCC U16 w"]
[Site "Toronto CAN"]
[Date "2013.08.17"]
[Round "7"]
[White "Shao, Stephanie"]
[Black "D'Alonzo, Jovanna"]
[Result "1-0"]
[WhiteElo "1871"]
[BlackElo "1137"]
[PlyCount "65"]
[GameId "2160767909292605"]
[EventDate "2013.08.14"]
[EventType "swiss"]
[EventRounds "9"]
[EventCountry "CAN"]
[SourceTitle "hb 2013"]

1. e4 c5 2. Nc3 d6 3. f4 Nc6 4. Bb5 Bd7 5. Nf3 a6 6. Bxc6 Bxc6 7. O-O Nf6 8. d3 g6 9. Qe1 Bg7 10. Kh1 b5 11. a3 Qb6 12. Rb1 O-O-O 13. Bd2 Nd7 14. Nd5 Bxd5 15. exd5 Rhe8 16. Ba5 Qb7 17. Bxd8 Kxd8 18. c4 h6 19. b4 e6 20. dxe6 Rxe6 21. Qd2 Qc6 22. bxc5 Qxc5 23. cxb5 axb5 24. Qa5+ Qc7 25. Qxb5 Qa7 26. a4 Qe3 27. a5 Qa7 28. Rfc1 Qa8 29. Qc4 Bf6 30. a6 Qa7 31. Qc8+ Ke7 32. Rb7 Qe3 33. Rxd7# 1-0

[Event "NAYCC U16 w"]
[Site "Toronto CAN"]
[Date "2013.08.17"]
[Round "7"]
[White "Wang, Joie"]
[Black "Roque Sola, Gisela"]
[Result "1/2-1/2"]
[WhiteElo "1819"]
[BlackElo "1794"]
[PlyCount "39"]
[GameId "2160767909292606"]
[EventDate "2013.08.14"]
[EventType "swiss"]
[EventRounds "9"]
[EventCountry "CAN"]
[SourceTitle "EXT 2022"]
[Source "ChessBase"]
[SourceDate "2021.10.06"]
[SourceVersion "1"]
[SourceVersionDate "2021.10.06"]
[SourceQuality "1"]

1. e4 e6 2. d4 d5 3. Nc3 Nf6 4. e5 Nfd7 5. f4 c5 6. Nf3 Nc6 7. Ne2 Be7 8. c3 f6 9. g3 O-O 10. Bh3 Nb6 11. O-O Rf7 12. b3 Qf8 13. Bg4 a5 14. Bd2 Bd7 15. Rf2 a4 16. Kh1 Na5 17. Nc1 Qe8 18. Be3 c4 19. b4 Nc6 20. a3 1/2-1/2

[Event "NAYCC U16 w"]
[Site "Toronto CAN"]
[Date "2013.08.17"]
[Round "7"]
[White "Xiang, Ellen"]
[Black "Lu, Mandy"]
[Result "1-0"]
[WhiteElo "2072"]
[BlackElo "1973"]
[PlyCount "57"]
[GameId "2160767909292607"]
[EventDate "2013.08.14"]
[EventType "swiss"]
[EventRounds "9"]
[EventCountry "CAN"]
[SourceTitle "hb 2013"]

1. d4 d5 2. c4 e6 3. Nf3 Nf6 4. g3 c6 5. Qc2 Nbd7 6. Bg2 Be7 7. O-O O-O 8. Nbd2 e5 9. dxe5 Ne8 10. e4 Nc7 11. b3 h6 12. Bb2 Nc5 13. exd5 cxd5 14. b4 N5a6 15. a3 dxc4 16. Nxc4 Ne6 17. Rfd1 Bd7 18. Nd4 Qc7 19. Rac1 Rac8 20. Nf5 Rfe8 21. Qd2 Bc6 22. Ncd6 Bg5 23. f4 Qb6+ 24. Qf2 Qxf2+ 25. Kxf2 Ba4 26. Rxc8 Rxc8 27. Nxc8 Bxd1 28. fxg5 Nxg5 29. Bxb7 1-0

[Event "NAYCC U16 w"]
[Site "Toronto CAN"]
[Date "2013.08.18"]
[Round "8"]
[White "D'Alonzo, Jovanna"]
[Black "Wang, Joie"]
[Result "0-1"]
[WhiteElo "1137"]
[BlackElo "1819"]
[PlyCount "106"]
[GameId "2160767909292608"]
[EventDate "2013.08.14"]
[EventType "swiss"]
[EventRounds "9"]
[EventCountry "CAN"]
[SourceTitle "EXT 2022"]
[Source "ChessBase"]
[SourceDate "2021.10.06"]
[SourceVersion "1"]
[SourceVersionDate "2021.10.06"]
[SourceQuality "1"]

1. c4 c6 2. Nc3 d5 3. cxd5 cxd5 4. d4 Nf6 5. g3 Nc6 6. Bg2 e6 7. Bg5 Be7 8. Nf3 O-O 9. O-O h6 10. Bxf6 Bxf6 11. e3 Bd7 12. a3 Rc8 13. Rc1 Na5 14. b4 Nc4 15. Nb1 Bb5 16. Re1 Qd7 17. Nc3 Nb2 18. Qd2 Nd3 19. Nxb5 Nxc1 20. Bf1 a6 21. Nc3 Nb3 22. Qd3 Qc7 23. Nb1 Qc2 24. Qxc2 Rxc2 25. Bd3 Rc7 26. Nbd2 Nxd2 27. Nxd2 Rc3 28. Bb1 Rxa3 29. Rc1 Ra4 30. b5 axb5 31. Bd3 b4 32. Rc7 Ra2 33. Nb1 Rb2 34. Rxb7 g6 35. Rc7 Ra8 36. Rc1 Raa2 37. Rf1 Rb3 38. Rd1 Rab2 39. Kg2 Rxd3 40. Rxd3 Rxb1 41. Rd2 e5 42. dxe5 Bxe5 43. Rxd5 f6 44. Rd8+ Kf7 45. Rd7+ Ke6 46. Rh7 h5 47. f4 Ba1 48. h4 b3 49. Ra7 b2 50. Ra6+ Kf7 51. Ra7+ Ke6 52. Kf3 Rf1+ 53. Ke4 b1=Q# 0-1

[Event "NAYCC U16 w"]
[Site "Toronto CAN"]
[Date "2013.08.18"]
[Round "8"]
[White "Lu, Mandy"]
[Black "Sametova, Zhanna"]
[Result "1/2-1/2"]
[WhiteElo "1923"]
[BlackElo "1821"]
[PlyCount "52"]
[GameId "2160767909292609"]
[EventDate "2013.08.14"]
[EventType "swiss"]
[EventRounds "9"]
[EventCountry "CAN"]
[SourceTitle "EXT 2022"]
[Source "ChessBase"]
[SourceDate "2021.10.06"]
[SourceVersion "1"]
[SourceVersionDate "2021.10.06"]
[SourceQuality "1"]

1. d4 Nf6 2. c4 c5 3. d5 e6 4. Nc3 exd5 5. cxd5 d6 6. e4 g6 7. Bd3 Bg7 8. Nge2 O-O 9. O-O Re8 10. Ng3 Na6 11. a3 Bd7 12. h3 Nc7 13. f4 b5 14. Qf3 b4 15. axb4 cxb4 16. Nce2 Bb5 17. Bxb5 Nxb5 18. f5 a5 19. Bg5 h6 20. Bxh6 Bxh6 21. fxg6 fxg6 22. Qxf6 Qxf6 23. Rxf6 Kg7 24. Rf3 Bg5 25. Nc1 Bxc1 26. Rxc1 Rec8 1/2-1/2